| 000 | 00929nam a2200229 a 4500 | ||
|---|---|---|---|
| 001 | 85651 | ||
| 003 | BD-RjUL | ||
| 005 | 20250907113524.0 | ||
| 008 | 250907s2024 bg ||||| |||| 00| 0 ben d | ||
| 020 |
_a9789849895305 : _cTk. 500.00 |
||
| 035 | _a(BD-RjUL)85651 | ||
| 040 |
_aBD-RjUL _beng _cBD-RjUL |
||
| 041 | _aben | ||
| 082 |
_223 _a333.91620954 _bSIG 2024 |
||
| 100 |
_aসিদ্দিকী, মাহবুব _911722 |
||
| 245 |
_aগঙ্গাধারা : _bশাখানদী উপনদী / _cমাহবুব সিদ্দিকী |
||
| 260 |
_aঢাকা : _bনবরাগ প্রকাশনী, _c২০২৪ |
||
| 300 |
_a২৫৬ পৃ.: _bচিত্রসমূহ; _c২২ সেমি. |
||
| 650 |
_aনদী _zদক্ষিণ এশিয়া (ভারত, বাংলাদেশ) _916792 |
||
| 650 |
_aRivers _zSouth Asia (India, Bangladesh) _916793 |
||
| 942 |
_2ddc _cBK |
||
| 999 |
_c85651 _d85651 |
||